Electrical wiring / (Record no. 180995)
[ view plain ]
| 000 -LEADER | |
|---|---|
| fixed length control field | 00911 a2200205 4500 |
| 003 - CONTROL NUMBER IDENTIFIER | |
| control field | Nust |
| 005 - DATE AND TIME OF LATEST TRANSACTION | |
| control field | 20221117162826.0 |
| 010 ## - LIBRARY OF CONGRESS CONTROL NUMBER | |
| LC control number | 90061030 |
| 020 ## - INTERNATIONAL STANDARD BOOK NUMBER | |
| International Standard Book Number | 0672226952 : |
| 040 ## - CATALOGING SOURCE | |
| Transcribing agency | Nust |
| 082 00 - DEWEY DECIMAL CLASSIFICATION NUMBER | |
| Classification number | 621.31924092,SEA |
| 100 1# - MAIN ENTRY--PERSONAL NAME | |
| Personal name | Seale, Arthur C. |
| 9 (RLIN) | 66661 |
| 245 10 - TITLE STATEMENT | |
| Title | Electrical wiring / |
| Statement of responsibility, etc. | Arthur C. Seale, Jr. |
| 250 ## - EDITION STATEMENT | |
| Edition statement | 1st ed. |
| 260 ## - PUBLICATION, DISTRIBUTION, ETC. | |
| Place of publication, distribution, etc. | [Carmel, IN] : |
| Name of publisher, distributor, etc. | H.W. Sams & Co., |
| Date of publication, distribution, etc. | c1990. |
| 300 ## - PHYSICAL DESCRIPTION | |
| Extent | xiv, 274 p. : |
| Other physical details | ill. ; |
| Dimensions | 24 cm. |
| 505 ## - FORMATTED CONTENTS NOTE | |
| Formatted contents note | The Electric Supply System (Page-1), Basic Electricity (Page-15), Electricity Entering The Home (Page-37), Wiring For The Home (Page-63), Wire And Hardware For The Home (Page-83), Installing Boxes And Cables (Page-115), Installing And Connecting, Fixtures And Receptacles (Page-133), Outdoor Home Wiring And Special Circuits (Page-169), Low Voltage Wiring Applications (Page-195). |
| 650 #0 - SUBJECT ADDED ENTRY--TOPICAL TERM | |
| Topical term or geographic name entry element | Electric wiring, Interior. |
| 9 (RLIN) | 41218 |
| 942 ## - ADDED ENTRY ELEMENTS (KOHA) | |
| Source of classification or shelving scheme | |
| Koha item type | Book |
| Withdrawn status | Lost status | Source of classification or shelving scheme | Damaged status | Not for loan | Permanent Location | Current Location | Date acquired | Full call number | Barcode | Date last seen | Price effective from | Koha item type | Public note | Shelving location |
|---|---|---|---|---|---|---|---|---|---|---|---|---|---|---|
| Military College of Signals (MCS) | Military College of Signals (MCS) | 12/12/2016 | 621.31924092,SEA | MCS594 | 12/08/2016 | 12/12/2016 | Book | Almirah No.30, Shelf No.2 | ||||||
| Military College of Signals (MCS) | Military College of Signals (MCS) | 12/12/2016 | 621.31924092,SEA | MCS595 | 12/08/2016 | 12/12/2016 | Book | Almirah No.30, Shelf No.2 | General Stacks |
